000 00479nam a22001937a 4500
005 20250318121605.0
008 250318b |||||||| |||| 00| 0 eng d
020 _a9788122436211
_c299.00
040 _aMAIN
041 _aEnglish
082 _a621.367
_bKAK
100 _aKakani S. L.
_94114
245 _aEngineering Materials
260 _aNew Delhi
_bNew Age International
_c2014
300 _a527
650 _aChemistry
700 _aKakani, Amit
_925372
942 _cBK
999 _c59482
_d59482